| 000 | 02082nam0a2200337 4500 | ||
|---|---|---|---|
| 001 | RU\NLR\BIBL_A\012693638 | ||
| 005 | 20220203122415.0 | ||
| 010 |
_a978-5-7579-2537-0 _9100 |
||
| 021 |
_aRU _bКН-П-21-067382 _9КН-П-21-5327 |
||
| 035 | _a(NLR Aleph) 012693638 | ||
| 035 | _a(RuMoRGB)010821910 | ||
| 090 |
_a12855268 _c12855268 |
||
| 100 | _a20220126d2021 u y0rusy50 ca | ||
| 101 | 0 | _arus | |
| 102 | _aRU | ||
| 105 | _aa|||j|||000zy | ||
| 181 | 1 |
_ai3 _bab2e |
|
| 182 | 1 | _an | |
| 200 | 1 |
_aБухгалтерский учет и анализ _eучебное пособие _eдля студентов всех форм обучения направления подготовки 38.03.01 "Экономика" всех профилей _fЕ. Е. Богоявленская, А. Б. Николаева _gМинистерство науки и высшего образования Российской Федерации, Федеральное государственное бюджетное образовательное учреждение высшего образования "Казанский национальный исследовательский технический университет им. А. Н. Туполева - КАИ" |
|
| 203 |
_aТекст _bвизуальный _cнепосредственный |
||
| 210 |
_aКазань _cИзд-во КНИТУ-КАИ _d2021 |
||
| 215 |
_a264, [2] с. _cил. _d26 |
||
| 320 | _aБиблиогр.: с. 258-261 | ||
| 606 | 1 |
_aБухгалтерский учет _yРоссийская Федерация _jУчебные издания для высших учебных заведений _2nlr_sh1 _2nlr_sh2 _3RU\NLR\AUTH\661248526 |
|
| 686 | 1 | _aУ052.9(2)2я73 | |
| 700 | 1 |
_aБогоявленская _bЕ. Е. _gЕлена Евгеньевна |
|
| 701 | 1 |
_aНиколаева _bА. Б. _cканд. экон. наук _gАнна Борисовна _3RU\NLR\AUTH\7781542 |
|
| 942 | _cBOOK | ||
| 980 | _aNB | ||